Contemporary artists and thinkers / (Record no. 168942)

MARC details
000 -LEADER
fixed length control field 00644nam a2200193 4500
005 - DATE AND TIME OF LATEST TRANSACTION
control field 20191031165905.0
010 ## - LCCN (DPL NO)
LC control number ENG-126771
020 ## - INTERNATIONAL STANDARD BOOK NUMBER
International Standard Book Number 9789386806130
Terms of availability 1495.00
035 ## - SYSTEM CONTROL NUMBER
System control number EN-110303
037 ## - SOURCE OF ACQUISITION
Source of stock number/acquisition DBAD/PUB
082 ## - DEWEY DECIMAL CLASSIFICATION NUMBER
Classification number 709.05
100 ## - MAIN ENTRY--PERSONAL NAME
Personal name Madhu Rani
245 ## - TITLE STATEMENT
Title Contemporary artists and thinkers /
Statement of responsibility, etc by Madhu Rani
260 ## - PUBLICATION, DISTRIBUTION, ETC. (IMPRINT)
Place of publication, distribution, etc New Delhi
Name of publisher, distributor, etc Ishwar Books
Date of publication, distribution, etc 2018
270 ## - ADDRESS
Address B-29, Arya Nagar CGHS Ltd., Plot No-91, I.P.Extension
City Patparganj, New Delhi
Postal code 110092
Electronic mail address ishwarbooks@gmail.co,
300 ## - PHYSICAL DESCRIPTION
Extent v;296p.
Dimensions 24cm(Hb)
500 ## - GENERAL NOTE
General note Includes bibliographical references and index
942 ## - ADDED ENTRY ELEMENTS (KOHA)
Source of classification or shelving scheme Dewey Decimal Classification
Item type English Books
Classification part 709.05
Call number suffix MAD
Holdings
Withdrawn status Lost status Not for loan Collection code Home library Current library Date acquired Source of acquisition Cost, normal purchase price Full call number Barcode Copy number Cost, replacement price Koha item type
      Non-fiction Central Library Central Library 31/10/2019 DBAD/PUB 1495.00 709.05 MAD EN-110303 1 1495.00 English Books

© Delhi Public Library
Hit Counter
free hit counter